1999 ODI WC Final Teams - Statistics

General Stats
  • This quiz has been taken 10 times
  • The average score is 19 of 22
Answer Stats
Hint Answer % Correct
Opening Batsman Mark Waugh
100%
Top-Order Batsman Ricky Ponting
100%
Spinner Shane Warne
100%
Middle-Order Batsman (c) Steve Waugh
100%
Lower-Order Batsman Tom Moody
100%
Opening Batsman (wk) Adam Gilchrist
88%
Fast Bowler Azhar Mahmood
88%
Fast Bowler Damien Fleming
88%
Top-Order Batsman Darren Lehmann
88%
Fast Bowler Glenn McGrath
88%
Middle-Order Batsman Inzamam-ul-Haq
88%
Middle-Order Batsman Michael Bevan
88%
Lower-Order Batsman (wk) Moin Khan
88%
Fast Bowler Paul Reiffel
88%
Spinner Saqlain Mushtaq
88%
Fast Bowler Shoaib Akhtar
88%
Opening Batsman Wajahatullah Wasti
88%
Fast Bowler (c) Wasim Akram
88%
Top-Order Batsman Abdul Razzak
75%
Opening Batsman Saeed Anwar
75%
Lower-Order Batsman Shahid Afridi
75%
Middle-Order Batsman Ijaz Ahmed
63%
No matching quizzes found
Score Distribution
Percent of People with Each Score
Percentile by Number Answered
Your Score History
You have not taken this quiz